All Pokémon with Illuminate - Statistics

General Stats
  • This quiz has been taken 4 times
  • The average score is 7 of 8
Answer Stats
(Avail)ability Pokémon % Correct
Second Ability Chinchou
100%
Second Ability Lanturn
100%
First Ability Starmie
100%
First Ability Staryu
100%
First Ability Volbeat
100%
First Ability Morelull
75%
First Ability Shiinotic
75%
First Ability Watchog
25%
No matching quizzes found
Score Distribution
Percent of People with Each Score
Percentile by Number Answered
Your Score History
You have not taken this quiz